| 000 | 01754nam a2200445 a 4500 | ||
|---|---|---|---|
| 001 | ebr10631172 | ||
| 003 | CaPaEBR | ||
| 006 | m u | ||
| 007 | cr cn||||||||| | ||
| 008 | 070110s2007 txuab sb 001 0deng d | ||
| 010 | _z 2007000844 | ||
| 020 | _z9780875653549 (cloth : alk. paper) | ||
| 020 | _z0875653545 (cloth : alk. paper) | ||
| 020 | _z9780875653471 (pbk.) | ||
| 020 | _z0875653472 (pbk.) | ||
| 020 | _z9780875654645 (e-book) | ||
| 040 |
_aCaPaEBR _cCaPaEBR |
||
| 035 | _a(OCoLC)608446515 | ||
| 041 | 1 |
_aeng _hspa |
|
| 043 |
_an-usp-- _an-us-az _an-us-ca |
||
| 050 | 1 | 4 |
_aKF5575.A55 _bA753 2007eb |
| 082 | 0 | 4 |
_a346.7304/32 _222 |
| 100 | 1 | _aAugust, Jack L. | |
| 245 | 1 | 0 |
_aDividing western waters _h[electronic resource] : _bMark Wilmer and Arizona v. California / _cJack L. August, Jr. ; with a foreword by John Bouma. |
| 260 |
_aFort Worth, Tex. : _bTCU Press, _cc2007. |
||
| 300 |
_axix, 172 p. : _bill., map, port. |
||
| 504 | _aIncludes bibliographical references (p. [137]-166) and index. | ||
| 533 |
_aElectronic reproduction. _bPalo Alto, Calif. : _cebrary, _d2011. _nAvailable via World Wide Web. _nAccess may be limited to ebrary affiliated libraries. |
||
| 600 | 1 | 0 | _aWilmer, Mark. |
| 650 | 0 |
_aWater rights _zArizona. |
|
| 650 | 0 |
_aWater rights _zCalifornia. |
|
| 650 | 0 |
_aWater-supply _zArizona. |
|
| 650 | 0 |
_aWater-supply _zCalifornia. |
|
| 651 | 0 |
_aColorado River (Colo.-Mexico) _xWater rights. |
|
| 651 | 0 |
_aArizona _vTrials, litigation, etc. |
|
| 651 | 0 |
_aCalifornia _vTrials, litigation, etc. |
|
| 655 | 7 |
_aElectronic books. _2local |
|
| 710 | 2 | _aebrary, Inc. | |
| 856 | 4 | 0 |
_uhttp://site.ebrary.com/lib/rucke/Doc?id=10631172 _zAn electronic book accessible through the World Wide Web; click to view |
| 999 |
_c52176 _d52176 |
||